00585 2200229 4500001002100000005001700021008004100038035002400079082001100103090002100114100001800135245003500153250001100188260003400199300002800233650003300261850001500294980001500309985000600324986001000330999001500340YOGYA-0209000003164520090227024615.0 ind  0010-020900000031645 a362.17 a362.17bMus PlT aMustika, Hawa aPaspor kesehatancHawa Mustika aCet. 1 aYogyakartabAndi Offsetc1990 axi, 60 hlmbilusc19 cm aPelayanan intensif kesehatan aYOPDYOG(B) a02-10-2006 a1 aMrref a93P0034160